000 00548nam a2200217Ia 4500
003 OSt
005 20220928144911.0
006 a|||||r|||| 00| 0
007 ta
008 220927b |||||||| |||| 00| 0 eng d
024 _a76796
037 _cTextual
040 _aSDCL
_cSDCL
_beng
041 _2eng
_aeng
082 _aR39(W), M3
100 _aDebray Regis
_9510257
245 0 _aCritique of political reason.Tr by David Macey.
260 _c1983
942 _hR39(W), M3
_cTEXL
_2CC
999 _c830314
_d830314